Cluj International Airport Destinations (Cluj-Napoca, Romania) - Statistics

General Stats
  • This quiz has been taken 85 times
    15 since last reset
  • The average score is 39 of 57
Answer Stats
Airline Destination % Correct
Wizz Air Berlin
100%
Animawings/HiSky/TAROM Bucharest (Otopeni)
100%
Norwegian Air Shuttle Copenhagen
100%
Animawings/Turkish Airlines Istanbul
100%
Pegasus Airlines Istanbul (Sabiha Gökçen)
100%
Wizz Air Milan (Malpensa)
100%
Lufthansa Munich
100%
Wizz Air Naples
100%
Wizz Air Rome (Fiumicino)
100%
LOT Polish Airlines Warsaw (Chopin)
100%
Swiss International Air Lines Zürich
100%
Animawings Athens
92%
Wizz Air Barcelona
92%
Ryanair/Wizz Air Bergamo
92%
HiSky/Ryanair Dublin
92%
Wizz Air Hahn
92%
Wizz Air London (Luton)
92%
Ryanair London (Stansted)
92%
Wizz Air Madrid
92%
Norwegian Air Shuttle Oslo
92%
Corendon Airlines/Wizz Air Antalya
83%
Ryanair/Wizz Air Beauvais
83%
Wizz Air Málaga
83%
Wizz Air Palma de Mallorca
83%
Wizz Air Valencia
83%
Wizz Air Bari
75%
Wizz Air Basel/Mulhouse
75%
Wizz Air Bologna
75%
Wizz Air Vienna
75%
Wizz Air Alicante
67%
Wizz Air Eindhoven
67%
Wizz Air Memmingen
67%
Wizz Air Nuremberg
67%
Wizz Air Stockholm (Skavsta)
67%
Wizz Air Stuttgart
67%
Wizz Air Billund
58%
Wizz Air Larnaca
58%
Wizz Air Lisbon
58%
Wizz Air Lyon
58%
Wizz Air Tel Aviv
58%
Wizz Air Catania
50%
Ryanair/Wizz Air Charleroi
50%
Wizz Air Dortmund
50%
Animawings/Sky Express/Wizz Air Heraklion
50%
Corendon Airlines/HiSky/SkyUp Hurghada
50%
Sky Express Rhodes
50%
Animawings Olbia
42%
Wizz Air Marrakesh
33%
HiSky/SkyUp Sharm El Sheikh
33%
Animawings Thessaloniki
33%
Wizz Air Zaragoza
33%
Wizz Air Abu Dhabi
25%
Wizz Air Leeds/Bradford
25%
Wizz Air Castellón
17%
Wizz Air Malmö
8%
Wizz Air Sandefjord
8%
Corendon Airlines Gazipaşa/Alanya
0%
No matching quizzes found
Score Distribution
Percent of People with Each Score
Percentile by Number Answered
Your Score History
You have not taken this quiz since the last reset